01017cam a2200241 a 450000100100000000500170001000800410002702000310006802000280009902000280012702000280015502000280018304000250021108200150023624500730025126000690032430000330039350000640042650400730049050501530056365100210071670000380073700001413820200929163505.0050314s2004 pn ab b 000 0dspa  a996202580X (obra completa) a9962025818 (v. 1, t. 1) a9962025826 (v. 1, t. 2) a9962025842 (v. 3, t. 1) a9962025850 (v. 3, t. 2) aDO-SdBNPbspacBNPHU axxxxbxxxx00aHistoria general de Panamá /cdirector ; Alfredo Castillero Calvo. aPanama :bComite Nacional del Centenario de la Republica,c2004. a3 v. :bil., mapas ;c24 cm. aLa biblioteca posee los v. 1, t. 1, V. 3. t. 1 y V. 3. t. 2 aIncluye referencias bibliográficas y notas al pie de las páginas0 gv. 1, t. 1.tLas sociedades originarias. El orden colonial --gV. 3. t. 1:tEl siglo xx. Capítulos 1-17gV. 3. t. 2:tEl siglo xx. Capitulos 18-32 0aPanamaxHistory.1 aCastillero Calvo, Alfredo,d1937-